000 00742nam a2200289Ia 4500
005 20260324125153.0
008 008 260324s9999 xx 000 0 eng d
020 _a9780203887110
037 _aEBOOK
040 _aCRL
040 _beng
040 _cCRL
041 _2eng
041 _aeng
084 _qCRL
100 _aDimitris Milonakis; Ben Fine
_91176960
245 0 _aFrom Political Economy to Economics
245 0 _bMethod, the social and the historical in the evolution of economic theory
260 _bTaylor and Francis
260 _c2009
365 _a
365 _b350
856 _uhttp://www.taylorfrancis.com/books/9780203887110
942 _cEBOOK
999 _c1771975
_d1771975